Actitudes y opiniones de los costarricenses ante la política y el proceso electoral 2002: resultados parciales de una encuesta realizada entre el 17 y el 23 de octubre del 2001 /
সংরক্ষণ করুন:
| প্রধান লেখক: | |
|---|---|
| সংস্থা লেখক: | , |
| অন্যান্য লেখক: | , , , , |
| বিন্যাস: | পাঠ্য |
| প্রকাশিত: |
San José:
UCR. FCS. IIS. UCR. FCS. IIP
|
| বিষয়গুলি: | |
| ট্যাগগুলো: |
ট্যাগ যুক্ত করুন
কোনো ট্যাগ নেই, প্রথমজন হিসাবে ট্যাগ করুন!
|
MARC
| LEADER | 00000 a a2200000 04500 | ||
|---|---|---|---|
| 001 | 27726 | ||
| 003 | |||
| 040 | |||
| 090 | |a 186000 | ||
| 100 | |a Raventós Vorst, Ciska | ||
| 110 | |a Universidad de Costa Rica. Facultad de Ciencias Sociales. Instituto de Investigaciones Sociales | ||
| 245 | |a Actitudes y opiniones de los costarricenses ante la política y el proceso electoral 2002: resultados parciales de una encuesta realizada entre el 17 y el 23 de octubre del 2001 / |c Universidad de Costa Rica. Facultad de Ciencias Sociales. Instituto de Investigaciones Sociales | ||
| 260 | |a San José: |b UCR. FCS. IIS. UCR. FCS. IIP | ||
| 300 | |a 10 p |b **no definido** |b fonodiscos | ||
| 650 | |a ELECCIONES | ||
| 650 | |a PARTIDOS POLITICOS | ||
| 650 | |a ENCUESTAS DE OPINION PUBLICA | ||
| 650 | |a PARTIDOS POLITICOS | ||
| 650 | |a IDEOLOGIAS POLITICAS | ||
| 700 | |a Campos Domingo | ||
| 700 | |a Fournier Facio, Marco Vinicio | ||
| 700 | |a Cruz, Carlos | ||
| 700 | |a Gutiérrez Espeleta, Ana Lucía | ||
| 700 | |a Zamora V, Adriana | ||
| 710 | |a Universidad de Costa Rica. Facultad de Ciencias Sociales. Instituto de Investigaciones Psicológicas | ||
| 999 | |c 15953 |d 15953 | ||
